000 01000cam a2200301 a 4500
999 _c6611
_d6611
001 20353484
003 OCoLC
005 20190117165657.0
008 890830s1989 vaua b 001 0 eng
010 _a89020328
020 _a0809464500
020 _a0809464519 (lib. bdg.)
040 _aDLC
_cDLC
043 _ae------
050 0 0 _aD220
_b.E97 1989
082 _aREF 940.2
245 0 4 _aThe European emergence :
_btime Frame AD 1500-1600 /
_cby the editors of Time-Life Books
260 _aAlexandria, Va. :
_bTime-Life Books,
_c1989
300 _a[175] p. :
_bill. (some col.) ;
_c29 cm
490 1 _aTime frame
504 _aIncludes bibliographical references (p. [171-176])
505 0 _aThe Church divided--The conquest of the New World--Elizabeth's England--Russia's ruthless czar--The Ottoman zenith--The Mogul's ascendant
650 0 _aSixteenth century.
651 0 _aEurope
_xHistory
_y1492-1648.
710 2 _aTime-Life Books.
830 0 _aTime frame.
942 _2ddc
_cREF